Toupa hon pina : (Record no. 9711)

MARC details
000 -LEADER
fixed length control field 00465nam a22001697a 4500
003 - CONTROL NUMBER IDENTIFIER
control field GBCCL
005 - DATE AND TIME OF LATEST TRANSACTION
control field 20241126110717.0
008 - FIXED-LENGTH DATA ELEMENTS--GENERAL INFORMATION
fixed length control field 230614b ||||| |||| 00| 0 eng d
040 ## - CATALOGING SOURCE
Transcribing agency gbc
082 ## - DEWEY DECIMAL CLASSIFICATION NUMBER
Classification number VER 253.092
Item number SON
100 ## - MAIN ENTRY--PERSONAL NAME
Personal name Songkhothang, V
9 (RLIN) 16874
245 ## - TITLE STATEMENT
Title Toupa hon pina :
Remainder of title wedding anniversary golden jubilee
260 ## - PUBLICATION, DISTRIBUTION, ETC.
Place of publication, distribution, etc. Lamka:
Name of publisher, distributor, etc. Rev Nenglian Vualnam te unau,
Date of publication, distribution, etc. 2023
300 ## - PHYSICAL DESCRIPTION
Extent 128p. ;
650 ## - SUBJECT ADDED ENTRY--TOPICAL TERM
Topical term or geographic name entry element pastors
Form subdivision biography
9 (RLIN) 7307
942 ## - ADDED ENTRY ELEMENTS (KOHA)
Source of classification or shelving scheme Dewey Decimal Classification
Koha item type Books
Holdings
Withdrawn status Lost status Source of classification or shelving scheme Damaged status Not for loan Home library Current Library Shelving location Date acquired Total checkouts Full call number Barcode Date last seen Copy number Price effective from Koha item type
    Dewey Decimal Classification     GRACE BIBLE COLLEGE GRACE BIBLE COLLEGE Vernacular 2023-06-14   VER 253.092 SON 016022 2025-05-01 c.1 2023-06-14 Books
    Dewey Decimal Classification     GRACE BIBLE COLLEGE GRACE BIBLE COLLEGE Vernacular 2023-06-14   VER 253.092 SON 016023 2025-05-01 c.1 2023-06-14 Books
© Grace Bible College Library 2025